000 00789nam a2200229 a 4500
999 _c5647
_d5647
001 5647
003 BD-JhCC
005 20171219131031.0
008 171214s19101964bg |||| ||a| 000 0 ben d
035 _a(BD-JhCC)5647
040 _aBD-JhCC
_dBD-JhCC
041 _aben
082 _a953
_bALI 1910
100 _aআলী, সৈয়দ আমীর
245 _aআরব জাতীর ইতিহাস /
_cসৈয়দ আমীর আলী; শেখ রেয়াজুদ্দীন আহম্মদ (অনুদিত)
260 _aঢাকা :
_bবাংলা একাডেমী,
_c1910.
300 _a547p. :
_c24 cm.
650 _aHistory of Arabics
700 _a উদ্দীন, মোঃ কেতাব
942 _2ddc
_cBK